| 000 | 00960cam a2200253 a 4500 | ||
|---|---|---|---|
| 003 | OSt | ||
| 005 | 20180921165123.0 | ||
| 008 | 030129s2014 nyu 000 0 eng | ||
| 020 | _a9780230463424 | ||
| 040 |
_aDLC _cDLC _dDLC _beng |
||
| 050 | 0 | 0 |
_aPE1128 _b.T325 2002b |
| 082 | 0 | 0 |
_a428.34 _222 _bPJI |
| 100 |
_aPreshous, Joanna _4 Joanna _964887 |
||
| 245 | 1 | 0 |
_aImprove Your Skills: _b Listening & Speaking for IELTS 6.0-7.5 Student's Book with key & MPO Pack _cJoanna Preshous |
| 246 | 3 | _aInteractions two | |
| 260 |
_aNew York : _bMacmilaN _cc2014. |
||
| 300 |
_a116 p. ; _c26 cm. _eCD |
||
| 650 | 0 |
_aEnglish language _xTextbooks for foreign speakers. _964888 |
|
| 650 | 0 |
_aEnglish language _xSpoken English _vProblems, exercises, etc. _95078 |
|
| 650 | 0 |
_aOral communication _vProblems, exercises, etc. _95079 |
|
| 650 | 0 |
_aListening _vProblems, exercises, etc. _95080 |
|
| 942 | _cBOOK | ||
| 999 |
_c42765 _d312385 |
||